000 01064cam a2200289 4500
001 M97997
008 090401t1999 xxu||||| |||| 00| 0 eng d
035 _a(Sirsi) u92693
041 _aeng
050 _a346.4104344
110 _aRoyal Institution of Chartered Surveyors
_94900
245 _aRent reviews for small businesses : rent review coming up? Now you can get professional help at an affordable price.
260 _aLondon
_bRICS
_c1999
300 _a1 folded sheet (4)p. ; 21cm.
350 _a0
520 _aPublicity leaflet. Provides details on the RICS/ISVA Small Business Scheme which has been developed in conjunction with DETR.
650 _aCOMMERCIAL RENTS
650 _aDEPARTMENT OF THE ENVIRONMENT, TRANSPORT AND THE REGIONS
650 _aINCORPORATED SOCIETY OF VALUERS AND AUCTIONEERS
650 _aRENT REVIEWS
650 _aRICS DISPUTE RESOLUTION SERVICE
650 _aRICS/ISVA SMALL BUSINESS SCHEME
650 _aSMALL BUSINESSES
690 _aLANDLORD AND TENANT-RENT REVIEWS
942 _n0
948 _c13/04/1999
999 _c97771
_d97771